| 000 | 00571nam a22002177a 4500 | ||
|---|---|---|---|
| 003 | BD-DhSAU | ||
| 005 | 20231030151421.0 | ||
| 008 | 230621b2009 ii a|||| |||| 001 0 eng d | ||
| 020 | _a8131519066 | ||
| 040 | _aBD-DhSAU | ||
| 082 |
_222 _a658.05 O31 |
||
| 100 | _aOz, Effy | ||
| 245 |
_aManagement information system / _cEffy Oz |
||
| 250 | _a6th ed. | ||
| 260 |
_aMelbourne: _bCengage Learning; _c2009. |
||
| 300 |
_axxvii, 564 p. : _bill. ; _c29 cm. |
||
| 500 | _aincludes index. | ||
| 650 | _aManagement | ||
| 650 | _a Information System | ||
| 942 |
_2ddc _cBOOK |
||
| 999 |
_c17238 _d17237 |
||